000 00359nam a2200145Ia 4500
005 20250729165438.0
008 250729s2005 xx 000 0 und d
041 _aeng
082 _a910 VASS
100 _aVasudevan Hari
_9223999
245 _aSocial Science Contemporary India I
260 _aNew Delhi
_c2005
300 _a52p
650 _aHistory
_9224000
999 _c236185
_d236185